| 000 | 01228nam a2200229Ia 4500 | ||
|---|---|---|---|
| 003 | Ost | ||
| 005 | 20260507075134.0 | ||
| 008 | 260507s9999||||xx |||||||||||||| ||und|| | ||
| 020 | _a5305673977 | ||
| 040 | _cfsecg | ||
| 041 | _aara | ||
| 082 | _a330 | ||
| 100 |
_aالفاعوري، رفعت عبد الحليم _eمؤلف |
||
| 245 | 0 |
_aتجارب عربية في الخصخصة / _c رفعت عبد الحليم الفاعوري |
|
| 260 |
_aالقاهرة: _bدينامك للنشر, _c2004 |
||
| 300 |
_a209 صفحة؛ _bإيضاحات ؛ _c24 سم |
||
| 490 | _aالمنظمة العربية للتنمية الإدارية | ||
| 520 | _aالخصخصة- أساليب ومراحل الخصخصة- تجارب ودول العالم في الخصخصة- تجارب بلاد الشام في الخصخصة- تجارب دول الخليج العربي في الخصخصة- تجارب دول واد النيل في الخصخصة- تجارب دول المغرب العربي في الخصخصة -تجارب الدول العربية في الخصخصة- تقييم تجارب الدول العربية في مجال الخصخصة. | ||
| 653 | _aالخصخصة | ||
| 653 | _aالقطاع الخاص | ||
| 942 | _cكتاب | ||
| 999 |
_c43240 _d43240 |
||